|
|
|
|
| LEADER |
01290ngm a2200385 a 4500 |
| 001 |
001383146 |
| 003 |
CZ BrMZK |
| 005 |
20140520140724.0 |
| 007 |
vd|c||||| |
| 008 |
140424s2013 xr e v|cze |
| 024 |
3 |
|
|a 8594025400492
|
| 028 |
4 |
1 |
|a HR-0098-D1
|b Hurikán
|
| 040 |
|
|
|a ABA001
|b cze
|d BOA001
|
| 045 |
|
|
|a x9x9
|
| 072 |
|
7 |
|a 78
|x Hudba
|2 Konspekt
|9 9
|
| 080 |
|
|
|a 78.091.077
|2 MRF
|
| 080 |
|
|
|a 784.4
|2 MRF
|
| 080 |
|
|
|a (0.034.44)
|2 MRF
|
| 100 |
1 |
|
|a Janda, Dalibor,
|d 1953-
|7 jn20000401181
|4 cmp
|4 sng
|
| 245 |
1 |
0 |
|a Original karaoke párty
|h [videozáznam] /
|c Dalibor Janda
|
| 246 |
3 |
|
|a Dalibor Janda - Original karaoke párty
|
| 260 |
|
|
|a [Praha] :
|b Hurikán,
|c c2013
|
| 300 |
|
|
|a 1 DVD-video
|
| 500 |
|
|
|a Název z pouzdra
|
| 508 |
|
|
|a Texty Jan Krůta
|
| 511 |
0 |
|
|a Nahrála skupina Prototyp
|
| 648 |
|
7 |
|a 1991-2000
|7 ch460587
|2 czenas
|
| 650 |
0 |
7 |
|a karaoke
|7 ph508982
|2 czenas
|
| 650 |
0 |
7 |
|a populární písně
|7 ph124354
|y 1991-2000
|2 czenas
|
| 655 |
|
7 |
|a DVD
|7 fd186912
|2 czenas
|
| 700 |
1 |
|
|a Krůta, Jan,
|d 1946-
|7 jk01063593
|4 lyr
|
| 710 |
2 |
|
|a Prototyp (hudební skupina)
|7 xx0027825
|
| 910 |
|
|
|a BOA001
|b CDR2-1324.568
|
| 990 |
|
|
|a VI
|
| 996 |
6 |
|
|b 2610591488
|c CDR2-1324.568
|l Stud. periodik/2.patro
|r Sklad / do 1 hodiny
|n 0
|p p.v.
|w 001422322
|u 000010
|a 1
|e BOA001
|j MZK50
|s P
|